000 01337nam a22003617a 4500
003 CHAP
005 20250926062749.0
008 971013s1970 r 00010 d
010 _a32007
011 _a32979
035 _a37094
040 _cCHAP
090 _aFolleto 6504
100 0 0 _aMartínez Parra, Ramón Armando.
_972370
245 _aEnsayo de rendimiento de asociaciones de zacates con alfalfa en comparación con Buffel, Bermuda NK-37 y alfalfa en la Comarca Lagunera
260 _a(s.l. :
_bInstituto de Investigaciones Agrícolas. Centro de Investigaciones Agrícolas del Noreste),
_c(1970)
300 _as.p.
590 _aBATCH-UPD
_b10
_c20130110
_lUCH01
_h0256
590 _aBATCH-UPD
_b10
_c20130110
_lUCH01
_h1310
590 _aBATCH-UPD
_b10
_c20130410
_lUCH01
_h1349
590 _aBATCH-UPD
_b10
_c20130914
_lUCH01
_h0251
590 _aCONVERSION
_b10
_c20130109
_lUCH01
_h1318
650 1 4 _aAlfalfa como forraje.
_93899
650 1 4 _aCultivos asociados.
_930370
650 1 4 _aCynodon dactylon.
_930800
650 1 7 _aPastos forrajeros
_xRendimiento
_2
_986118
650 1 4 _aPastos
_xComarca Lagunera.
_986008
650 1 4 _aZacate Buffel.
_9123395
901 _aBK
942 _cFOLL
949 _aFolleto 6504
_bBC
_cFOLL
_d-85097
_eTS1
_i37094
_mD
_si
949 _aFolleto 6504
_bBC
_cFOLL
_d-85098
_eTS2
_fc.2
_i37094
_mD
_si
999 _c32007
_d32007